[Event "Steinfurt Bezirksliga 1314"]
[Site "Germany"]
[Date "2013.12.14"]
[Round "4.6"]
[White "Loges, Wilhelm"]
[Black "Winter, Reinhold"]
[Result "1-0"]
[WhiteElo "1703"]
[BlackElo "1547"]
[PlyCount "65"]
[EventDate "2013.09.14"]
[EventType "team-tourn"]
[EventRounds "9"]
[EventCountry "GER"]
[SourceTitle "EXT 2015"]
[Source "ChessBase"]
[SourceDate "2014.11.20"]
[SourceVersion "1"]
[SourceVersionDate "2014.11.20"]
[SourceQuality "1"]
[WhiteTeam "Emsdetten Turm III"]
[BlackTeam "Neuenkirchen II"]
[WhiteTeamCountry "GER"]
[BlackTeamCountry "GER"]

1. e4 e6 2. d4 d5 3. Nc3 Bb4 4. e5 c5 5. Bd2 cxd4 6. Nb5 Bc5 7. b4 a6 8. Qg4 g6 9. Nxd4 Bxd4 10. Qxd4 Nc6 11. Qf4 Qc7 12. Nf3 b5 13. Bd3 Bb7 14. 0-0 h6 15. h4 Qe7 16. a4 bxa4 17. Rxa4 Kf8 18. Bxg6 Kg7 19. Bd3 f5 20. Rfa1 Qc7 21. b5 Nb8 22. bxa6 Nxa6 23. Bxa6 Rxa6 24. Rxa6 Bxa6 25. Rxa6 Kf7 26. Qa4 Ne7 27. Ra7 Qb6 28. Bb4 Re8 29. Qa3 Qd8 30. Nd4 Qb6 31. Bxe7 Qxa7 32. Qxa7 Rxe7 33. Qb8 1-0

[Event "Muensterland Verbandsklasse-A 0203"]
[Site "Muensterland"]
[Date "2003.03.15"]
[Round "7.5"]
[White "Loges, Wilhelm"]
[Black "Kaiser, Guenter"]
[Result "1-0"]
[WhiteElo "1792"]
[BlackElo "1768"]
[PlyCount "99"]
[EventDate "2002.09.28"]
[EventType "team"]
[EventRounds "9"]
[EventCountry "GER"]
[SourceTitle "EXT 2004"]
[Source "ChessBase"]
[SourceDate "2003.11.25"]
[SourceVersion "1"]
[SourceVersionDate "2003.11.25"]
[SourceQuality "1"]
[WhiteTeam "Emsdetten Turm III"]
[BlackTeam "Ochtrup"]
[WhiteTeamCountry "GER"]
[BlackTeamCountry "GER"]

1. e4 c5 2. Nf3 d6 3. d4 cxd4 4. Nxd4 Nf6 5. Nc3 a6 6. g3 e5 7. Nde2 Be7 8. Bg2 0-0 9. 0-0 Qc7 10. a4 Nc6 11. h3 b6 12. Be3 Bb7 13. g4 Rfd8 14. g5 Nd7 15. Nd5 Qb8 16. Nxb6 Nxb6 17. Bxb6 Rf8 18. Qd2 f6 19. gxf6 Rxf6 20. Be3 Rg6 21. f4 exf4 22. Nxf4 Rf6 23. Nd5 Rg6 24. Kh2 Qe8 25. Nc7 Qd7 26. Nxa8 Bxa8 27. Qd5+ Kh8 28. Rf5 Qe8 29. Qf7 Qxf7 30. Rxf7 h6 31. c3 Kh7 32. Bd4 Nxd4 33. cxd4 Bf6 34. Rd1 Bc6 35. b3 a5 36. Rc7 Be8 37. Rd3 Bh4 38. Rd1 Re6 39. Ra7 Bd8 40. Ra6 Bh5 41. Re1 Bh4 42. Rc1 Bf2 43. d5 Rf6 44. Rxa5 Be3 45. Rf1 Rxf1 46. Bxf1 Bf3 47. Bd3 Bd1 48. Rb5 Bf4+ 49. Kg2 Be5 50. a5 1-0